000 00617nam a22001817a 4500
005 2010080609099.0
010 _aENG-98587
020 _a9788190466851
_c120.00
035 _aEN-82120
037 _bDBAD/PUB
082 _a280.42
245 _aMount of olives :
_bour lenten journey with jesus /
260 _aChenai
_bICSA Books
_c2009
270 _aPost Box No. : 771
_bChennai
_e600008
300 _a146p.
_c21cm (pbk)
942 _2ddc
_cEN
_h280.42
_mMOU
999 _c39683
_d39683